ARRUPE JESUIT UNIVERSITY

CORONAVIRUS -STOP THE SPREAD - CLEAN,DISINFECT,COVER

Dictionnaire fondamental de la langue française. (Record no. 123599)

MARC details
000 -LEADER
fixed length control field 00707cam a22002411 4500
001 - CONTROL NUMBER
control field 9867302
003 - CONTROL NUMBER IDENTIFIER
control field ARRUPE
005 - DATE AND TIME OF LATEST TRANSACTION
control field 20151024123545.0
008 - FIXED-LENGTH DATA ELEMENTS--GENERAL INFORMATION
fixed length control field 771130t19621958fr a d 000 0 fre
010 ## - LIBRARY OF CONGRESS CONTROL NUMBER
LC control number 65033693
035 ## - SYSTEM CONTROL NUMBER
System control number (OCoLC)3456160
040 ## - CATALOGING SOURCE
Original cataloging agency DLC
Transcribing agency TNJ
Modifying agency DLC
042 ## - AUTHENTICATION CODE
Authentication code premarc
050 00 - LIBRARY OF CONGRESS CALL NUMBER
Classification number PC2889
Item number .G691
300 ## - PHYSICAL DESCRIPTION
Other physical details illus.
Dimensions 22 cm.
100 1# - MAIN ENTRY--PERSONAL NAME
Personal name Gougenheim, Georges,
Dates associated with a name 1900-
9 (RLIN) 20505
245 10 - TITLE STATEMENT
Title Dictionnaire fondamental de la langue française.
250 ## - EDITION STATEMENT
Edition statement Nouv. éd. rev. et augm.
260 ## - PUBLICATION, DISTRIBUTION, ETC. (IMPRINT)
Place of publication, distribution, etc Paris,
Name of publisher, distributor, etc Didier
Date of publication, distribution, etc [1962, c1958]
300 ## - PHYSICAL DESCRIPTION
Extent 283 p.
650 #0 - SUBJECT ADDED ENTRY--TOPICAL TERM
Topical term or geographic name as entry element French language
Form subdivision Dictionaries.
9 (RLIN) 20506
906 ## - LOCAL DATA ELEMENT F, LDF (RLIN)
a 7
b cbc
c oclcrpl
d u
e ncip
f 19
g y-gencatlg
942 ## - ADDED ENTRY ELEMENTS (KOHA)
Source of classification or shelving scheme Library of Congress Classification
Koha item type Monograph ( Printed materials)
Holdings
Withdrawn status Lost status Source of classification or shelving scheme Damaged status Not for loan Home library Current library Date acquired Total Checkouts Full call number Barcode Date last seen Price effective from Koha item type
    Library of Congress Classification     ARRUPE LIBRARY ARRUPE LIBRARY 24/10/2015   PC2889 .G691 46500005257 27/03/2019 24/10/2015 Monograph ( Printed materials)

 

Arrupe Library. PO Box MP320 Mt Pleasant, Harare, Zimbabwe
263 242 745411|librarian@aju.ac.zw